Informe de práctica supervisada en CRS TOURS (Registro nro. 8610)
[ vista simple ]
| 000 -LEADER | |
|---|---|
| fixed length control field | 00566nam a22002177a 4500 |
| 005 - DATE AND TIME OF LATEST TRANSACTION | |
| control field | 20170215115313.0 |
| 008 - FIXED-LENGTH DATA ELEMENTS--GENERAL INFORMATION | |
| fixed length control field | 150626b xxu||||| |||| 00| 0 spa d |
| 041 ## - LANGUAGE CODE | |
| Language code of text/sound track or separate title | spa |
| 082 ## - DEWEY DECIMAL CLASSIFICATION NUMBER | |
| Classification number | TU 61 |
| 100 ## - MAIN ENTRY--AUTHOR NAME | |
| Personal name | Lizano Ureña, José |
| 100 ## - MAIN ENTRY--AUTHOR NAME | |
| Personal name | Gómez Solís, Eduardo |
| 245 ## - TITLE STATEMENT | |
| Title | Informe de práctica supervisada en CRS TOURS |
| 260 ## - PUBLICATION, DISTRIBUTION, ETC. (IMPRINT) | |
| Year of publication | 2016 |
| 650 ## - SUBJECT ADDED ENTRY--TOPICAL TERM | |
| Topical Term | COSTA RICA |
| 650 ## - SUBJECT ADDED ENTRY--TOPICAL TERM | |
| Topical Term | TURISMO |
| 650 ## - SUBJECT ADDED ENTRY--TOPICAL TERM | |
| Topical Term | TOURS |
| 650 ## - SUBJECT ADDED ENTRY--TOPICAL TERM | |
| Topical Term | FODA |
| 650 ## - SUBJECT ADDED ENTRY--TOPICAL TERM | |
| Topical Term | PLANTA FÍSICA |
| 650 ## - SUBJECT ADDED ENTRY--TOPICAL TERM | |
| Topical Term | AGENCIA DE VIAJES |
| 942 ## - ADDED ENTRY ELEMENTS (KOHA) | |
| Tipo de ítem | Informe de Práctica |
| Withdrawn status | Estado | Estado físico | Not for loan | Total Checkouts | Clasificación | Número de inscripción | Date last seen | Price effective from | Tipo de ítem |
|---|---|---|---|---|---|---|---|---|---|
| TU 61 | TU61 | 07/11/2016 | 07/11/2016 | Informe de Práctica |